BIBLIOTECA

SENCICO

Space craft : (Registro nro. 5077)

Detalles MARC
000 -LEADER
fixed length control field 00925nam a22002777a 4500
003 - CONTROL NUMBER IDENTIFIER
control field PE SENCICO BE
005 - DATE AND TIME OF LATEST TRANSACTION
control field 20251020182711.0
008 - FIXED-LENGTH DATA ELEMENTS--GENERAL INFORMATION
fixed length control field 250127b |||||||| |||| 00| 0 eng d
020 ## - INTERNATIONAL STANDARD BOOK NUMBER
International Standard Book Number 978-3-89955-233-1
040 ## - CATALOGING SOURCE
Original cataloging agency PE SENCICO BE
Transcribing agency PE SENCICO BE
041 ## - LANGUAGE CODE
Language code of text/sound track or separate title eng
082 ## - DEWEY DECIMAL CLASSIFICATION NUMBER
Classification number 721
Item number K59
100 1# - MAIN ENTRY--PERSONAL NAME
9 (RLIN) 2879
Personal name Klanten, Robert
Relator term editor
245 1# - TITLE STATEMENT
Title Space craft :
Remainder of title more fleeting architecture and hideouts /
Statement of responsibility, etc. Editado por Robert Klanten, Lukas Feireiss
250 ## - EDITION STATEMENT
Edition statement [1 ed. ]
260 ## - PUBLICATION, DISTRIBUTION, ETC.
Place of publication, distribution, etc. Berlin :
Name of publisher, distributor, etc. Gestalten ;
Date of publication, distribution, etc. 2009
300 ## - PHYSICAL DESCRIPTION
Extent 278 páginas :
Other physical details ilustraciones a color, láminas ;
Dimensions 30 cm.
650 10 - SUBJECT ADDED ENTRY--TOPICAL TERM
9 (RLIN) 18
Topical term or geographic name entry element Diseño arquitectónico
650 20 - SUBJECT ADDED ENTRY--TOPICAL TERM
9 (RLIN) 1468
Topical term or geographic name entry element Viviendas pequeñas
650 20 - SUBJECT ADDED ENTRY--TOPICAL TERM
9 (RLIN) 844
Topical term or geographic name entry element Viviendas ecológicas
650 20 - SUBJECT ADDED ENTRY--TOPICAL TERM
9 (RLIN) 328
Topical term or geographic name entry element Viviendas de estructuras de madera
650 20 - SUBJECT ADDED ENTRY--TOPICAL TERM
9 (RLIN) 191
Topical term or geographic name entry element Arquitectura moderna
700 1# - ADDED ENTRY--PERSONAL NAME
9 (RLIN) 2880
Personal name Feireiss, Lukas
Relator term editor
910 ## - USER-OPTION DATA (OCLC)
User-option data hfp
-- hfp
-- hfp
942 ## - ADDED ENTRY ELEMENTS (KOHA)
Source of classification or shelving scheme Dewey Decimal Classification
Koha item type Libros
Existencias
Fecha de la última vez que lo usaron Pago total Signatura topográfica completa Código de barras Precio efectivo desde Tipo de documento Estado perdido Sistema de clasificación Estado dañado No es para préstamo Retirado Ubicación permanente Ubicación actual Fecha de adquisición Fuente de adquisición
27/01/2025   721/K59 BibLima25010052 27/01/2025 Libros   Dewey Decimal Classification       Biblioteca Central Lima Biblioteca Central Lima 27/01/2025 Comprado de la librería Megabook